000 00721nam a22002177a 4500
005 20160203111032.0
008 160203b2014 fr ad |r|||| 00| 0 eng d
040 _aCO-BoIAVH
_cCO-BoIAVH
041 0 _aeng
044 _afr
082 0 4 _a304.25
_bC38t
245 1 0 _aTime to act to reduce short-lived climate pollutants
250 _aSegunda edición
260 _aFrancia :
_bCCAC,
_c2014.
300 _a46 páginas :
_bilustraciones, gráficas ;
_c21 x 29 cm.
650 6 _aCambio climático
_xreducción de emisiones
650 6 _aControl de contaminación
650 6 _aCambio climático
_xpolución
710 2 _aUNEP
_b, The climate clean air coalition - CCAC
942 _2ddc
_cLIBRO
999 _c18093
_d18093